|
|
|
|
| LEADER |
01315nam a22002892a 4500 |
| 001 |
000262369 |
| 003 |
CZ BrMZK |
| 005 |
20080826095628.0 |
| 008 |
010907s1983 xo f slo d |
| 040 |
|
|
|a BOA001
|b cze
|
| 100 |
1 |
|
|a Kopál, Ján,
|d 1925-2000
|7 mzk2002142134
|
| 245 |
1 |
0 |
|a Kapitoly o literatúre pre mládež a didaktike čítania /
|c Ján Kopál, E. Tučná, E. Preložníková
|
| 250 |
|
|
|a 2. vyd.
|
| 260 |
|
|
|a Nitra :
|b Pedagogická fakulta,
|c 1983
|
| 300 |
|
|
|a 327 s.
|
| 490 |
1 |
|
|a Vysokoškolské učebné texty (Pedagogická fakulta, Univerzita Nitra)
|
| 700 |
1 |
|
|a Preložníková, Eva
|7 mzk2006353981
|
| 700 |
1 |
|
|a Tučná, Eva,
|d 1944-
|7 mzk2006324093
|
| 830 |
|
0 |
|a Vysokoškolské učebné texty (Pedagogická fakulta, Univerzita Nitra)
|
| 910 |
|
|
|a BOA001
|b PK-0094.653-83
|
| 964 |
|
|
|a Čtení počáteční - metodiky - školy základní (stupeň 1.)
|
| 964 |
|
|
|a Literatura dětská - učebnice - školy vysoké
|
| 964 |
|
|
|a Literatura pro mládež - učebnice - školy vysoké
|
| 964 |
|
|
|a Výchova literární - metodiky - školy základní (stupeň 1.)
|
| 990 |
|
|
|a BK
|
| 996 |
7 |
|
|b 3119902370
|c PK-0094.653-83
|l MZK
|r Sklad / do 1 hodiny
|n 2
|w 000262369
|u 000010
|a 1
|e BOA001
|j MZK50
|s A
|
| 996 |
7 |
|
|b 3119902371
|c PK-0094.653-83
|l MZK
|r Sklad / do 1 hodiny
|n 0
|w 000262369
|u 000020
|a 1
|e BOA001
|j MZK50
|s A
|